| 000 | 01779nam a2200313Ia 4500 | ||
|---|---|---|---|
| 999 |
_c55041 _d55041 |
||
| 001 | 22116 | ||
| 003 | GE_BSU | ||
| 005 | 20221031155432.0 | ||
| 008 | 181216s2016||||ge |||||||||||||| ||geo|| | ||
| 020 | _a9789941091186 | ||
| 040 | _cGE_BSU | ||
| 041 | _ageo | ||
| 080 | _a1(430)+165 შ-81 | ||
| 100 |
_aშოპენჰაუერი, არტურ _913971 |
||
| 245 |
_aსამყარო ვითარცა ნება და წარმოდგენა ტ. 1 = Die Welt als Wille und Vorsrellung / _c არტურ შოპენჰაუერი ; გამომც. ალექსანდრე ალადაშვილი ; გერმანულიდან თარგმნა და შესავალი დაურთო ვიქტორ რცხილაძემ ; მხატვარი ვასილ ნასიბოვი. |
||
| 264 |
_aთბილისი : _bCarpe diem, _c2016. |
||
| 300 |
_a560 გვ. ; _c25 სმ. |
||
| 541 | _h23ლ. | ||
| 546 | _aდამატებითი სატიტულო გვერდი გერმანულ ენაზე | ||
| 653 | _aგერმანული ფილოსოფია | ||
| 653 | _a სამყარო | ||
| 653 | _aშემეცნება | ||
| 653 | _aსამყარო ვითარცა ნება და წარმოდგენა ტ. 1 | ||
| 653 | _aფილოსოფია | ||
| 700 |
_aალადაშვილი, ალექსანდრე _eგამომცემელი _9224 |
||
| 700 |
_aრცხილაძე, ვიქტორ _eთარგმანი _914022 |
||
| 700 |
_aნასიბოვი, ვასილ _eმხატვარი _915672 |
||
| 942 |
_cBK _2udc |
||